Transformácia ekonomiky Slovenskej republiky a jej zapojenie do Európskej únie zborník príspevkov z medzinárodnej vedeckej konferencie Národohospodárskej fakulty Ekonomickej univerzity v Bratislave

Saved in:
Bibliographic Details
Corporate Authors: Transformácia ekonomiky Slovenskej republiky a jej zapojenie do Európskej únie. Medzinárodná vedecká konferencia, Ekonomická univerzita v Bratislave. Národohospodárska fakulta
Format: Book
Language:Slovak
English
Czech
Polish
Published: Bratislava Vydavateľstvo EKONÓM 1996
Subjects:
Tags: Add Tag
No Tags, Be the first to tag this record!

MARC

LEADER 00000nam a2200000 4500
001 c117567
005 20240104091428.9
020 |a 80-225-0890-X 
041 0 |a slo 
041 0 |a eng 
041 0 |a cze 
041 0 |a pol 
044 |a SK 
245 1 0 |a Transformácia ekonomiky Slovenskej republiky a jej zapojenie do Európskej únie  |b zborník príspevkov z medzinárodnej vedeckej konferencie Národohospodárskej fakulty Ekonomickej univerzity v Bratislave 
264 1 |a Bratislava  |b Vydavateľstvo EKONÓM  |c 1996 
300 |a 325 s. 
610 2 0 |a transformácia 
610 2 0 |a Slovensko 
610 2 0 |a výskum 
610 2 0 |a granty 
610 2 0 |a hospodárstvo trhové 
610 2 0 |a Európska únia 
610 2 0 |a analýza ekonomická 
610 2 0 |a porovnanie medzinárodné 
610 2 0 |a bankovníctvo 
610 2 0 |a bankovníctvo elektronické 
110 2 |a Transformácia ekonomiky Slovenskej republiky a jej zapojenie do Európskej únie. Medzinárodná vedecká konferencia 
710 2 |a Ekonomická univerzita v Bratislave. Národohospodárska fakulta